000 00647nam a2200193Ia 4500
003 GCL
008 140319s9999 xx 000 0 ara d
040 _aGCL /
_cGCL
082 0 4 _a811.9
_bم م
100 1 _aمحمد عنانى
245 1 0 _aمختارات من ديوان النيروز الحر احمد زكىابو شادى /
_cمحمد عنانى
300 _a114 ص
490 _aمكتبة الاسرة
_v0
650 0 4 _aالشعر العربى
650 0 4 _aالادب العربى
650 0 4 _aالشعر العربى - دواوين وقصائد
650 0 4 _aالشعر العربى - العصر الحديث
942 _2ddc
_cBK
999 _c50737
_d50737